000 00539nam a2200169 i 4500
001 32743
003 ES-MaACL
005 20230906154628.0
007 t|
008 030131s1973 sp ||||1| spa d
100 1 _aBertomeu, Salvador.
_928483
245 1 0 _aIniciando en la fé
_b: catequesis para preescolar /
_cSalvador Bertomeu y María Teresa Lázaro.
260 _aMadrid :
_bPropaganda Popular Católica,
_c[1973]
300 _a139 p. ;
_c22 cm.
700 1 _aLázaro, María Teresa.
_970792
852 _aES-MaACL
_jC-54768
_bR.87401
999 _c32743
_d32743